Normal view
MARC view
- Capt Abdullah Ifzal
Entry Personal Name
001 - CONTROL NUMBER
- control field: 51216
003 - CONTROL NUMBER IDENTIFIER
- control field: NUST
005 - DATE AND TIME OF LATEST TRANSACTION
- control field: 20210314134931.0
008 - FIXED-LENGTH DATA ELEMENTS
- fixed length control field: 210314|| aca||aabn | a|a d
040 ## - CATALOGING SOURCE
- Original cataloging agency: NUST
- Transcribing agency: NUST
100 ## - HEADING--PERSONAL NAME
- Personal name: Capt Abdullah Ifzal
670 ## - SOURCE DATA FOUND
- Source citation: Work cat.: (NUST): Capt Abdullah Ifzal, Parking Analysis of Saddar Area in Peshawar, 2017
